00316nam a2200109Ia 4500008004000000041000800040082001100048100001900059245010200078260002000180440000600200210210b1833 xxu||||| |||| 00| 0 eng d aeng a930/43 aHEEREN (A H L) aHistroical researches into the politics intercourse and trade of the nations of antiquity Vol III aOxfordb-c1833 a3